| 000 | 01329aam a2200313 a 4500 | ||
|---|---|---|---|
| 999 |
_c324800 _d324800 |
||
| 003 | BLK | ||
| 005 | 20240518095259.0 | ||
| 008 | 180927b bul||||| |||| 00| 0 bul d | ||
| 020 | _a9789548692649 | ||
| 040 | _aBLK | ||
| 041 |
_aBUL _cBUL |
||
| 080 |
_aПолска литература _b821.162.1 _x-32 _z821.162.1-32 |
||
| 100 |
_aШулц, Бруно _9348399 _eпърви автор |
||
| 139 |
_aШулц, Бруно _bШ 96 |
||
| 245 |
_aСанаториум "Клепсидра" _cБруно Шулц; прев. от пол. Магдалена Атанасова. |
||
| 250 | _a2. изд. | ||
| 257 | _aPOL | ||
| 260 |
_bАквариус _c2017 _aСофия |
||
| 300 |
_a352 с. _c19 см |
||
| 380 | _aX | ||
| 490 |
_9208310 _aДалечни близки |
||
| 500 | _aОриг. загл.: Sanatorium pod Klepsydrą / Bruno Schulz Творецът и бездната, или за бляскавия контрамарш на фантазията / Павел Пл. Петров: с. 5-17 Докосване до Бруно Шулц / Антоан Асенов: с. 337-350 | ||
| 700 |
_9330084 _aАтанасова, Магдалена Евлогиева _eпрев. от пол. |
||
| 852 |
_aЦб 290530 _bЦб |
||
| 942 |
_cKNG _2udc _n0 _s1 _03 |
||
| 999 | _d324800 | ||
| 999 | _d324800 | ||
| 999 | _d324800 | ||
| 944 |
_k30560 _lГеновева Генчева |
||